[Event "Montcalm 6 2022-23"]
[Site "Quebec CAN"]
[Date "2023.03.23"]
[Round "1"]
[White "Sauve, Richard"]
[Black "Talbot, Raymond"]
[Result "1-0"]
[WhiteElo "1935"]
[BlackElo "1670"]
[PlyCount "87"]
[EventDate "2023.03.23"]
[EventType "swiss"]
[EventRounds "5"]
[EventCountry "CAN"]

1. d4 Nf6 2. c4 e6 3. Nc3 d5 4. Bg5 Be7 5. Nf3 h6 6. Bh4 Nbd7 7. e3 dxc4 8.
Bxc4 Nb6 9. Bb3 c6 10. O-O O-O 11. Rc1 Bd7 12. Qd3 Nh7 13. Bc2 g6 14. Bxe7 Qxe7
15. e4 Qf6 16. Rfe1 Rad8 17. e5 Qg7 18. Ne4 Nd5 19. a3 f6 20. exf6 Nhxf6 21.
Nc5 Nf4 22. Qb3 N6d5 23. Ne5 Qf6 24. Ne4 Qg7 25. Qxb7 Nf6 26. Qb3 N6d5 27. Qg3
Be8 28. Ba4 Nh5 29. Qg4 Rf5 30. Bxc6 Bxc6 31. Rxc6 Nhf4 32. Rec1 h5 33. Qd1 Nf6
34. Rc8 Rxc8 35. Rxc8+ Kh7 36. Qc2 Nxe4 37. Qxe4 Qf6 38. Rc7+ Kg8 39. Qa8+ Qf8
40. Rc8 Ne2+ 41. Kf1 Rxf2+ 42. Ke1 Rf1+ 43. Kxe2 Rf2+ 44. Kd3 1-0

[Event "Montcalm 6 2022-23"]
[Site "Quebec CAN"]
[Date "2023.03.30"]
[Round "2"]
[White "Auger, Bertrand"]
[Black "Perreault, Jacquelin"]
[Result "1-0"]
[WhiteElo "1981"]
[BlackElo "1766"]
[PlyCount "75"]
[EventDate "2023.03.23"]
[EventType "swiss"]
[EventRounds "5"]
[EventCountry "CAN"]

1. Nf3 Nf6 2. g3 g6 3. b4 Bg7 4. Bb2 b6 5. Bg2 Bb7 6. O-O O-O 7. d3 d6 8. Nbd2
Nbd7 9. c4 c5 10. b5 e5 11. a4 Nh5 12. Qc2 f5 13. Ra2 Qe7 14. e4 f4 15. a5 h6
16. Rfa1 g5 17. axb6 axb6 18. Ra7 Rab8 19. Qd1 Nhf6 20. h3 Qe6 21. Nh2 h5 22.
Ndf3 Bh6 23. Qe1 g4 24. hxg4 fxg3 25. fxg3 Nxg4 26. Nxg4 Qxg4 27. Nh4 Nf6 28.
Nf5 Bg7 29. Qd1 Rfd8 30. Qxg4 Nxg4 31. Bf3 Kh7 32. Kg2 Nf6 33. Rh1 Kg6 34. Bc1
Rh8 35. Nxd6 Bc8 36. Nf7 Re8 37. Bb2 Nd7 38. Bxh5+ 1-0

[Event "Montcalm 6 2022-23"]
[Site "Quebec CAN"]
[Date "2023.03.30"]
[Round "2"]
[White "Auger, Julien"]
[Black "Dumont, Eric"]
[Result "0-1"]
[WhiteElo "1573"]
[BlackElo "1776"]
[PlyCount "62"]
[EventDate "2023.03.23"]
[EventType "swiss"]
[EventRounds "5"]
[EventCountry "CAN"]

1. d4 d5 2. c4 c6 3. Nc3 Nf6 4. Bg5 e6 5. Nf3 Be7 6. e3 Nbd7 7. Bd3 dxc4 8.
Bxc4 Nb6 9. Bd3 h6 10. Bxf6 Bxf6 11. a4 Nd5 12. Nxd5 exd5 13. O-O O-O 14. a5
Qd6 15. Qa4 Bd7 16. a6 b6 17. b4 Rfe8 18. Rac1 Rac8 19. Rc3 c5 20. Bb5 Bxb5 21.
Qxb5 c4 22. Qa4 Be7 23. b5 Qg6 24. Ne5 Qh5 25. Nc6 Bd6 26. h3 Rc7 27. f3 Qg5
28. Re1 Qg3 29. Qd1 Qh2+ 30. Kf1 Bg3 31. Qe2 Qh1# 0-1

[Event "Montcalm 6 2022-23"]
[Site "Quebec CAN"]
[Date "2023.03.30"]
[Round "2"]
[White "Brown, Zachary"]
[Black "Demushkina, Alina"]
[Result "1-0"]
[WhiteElo "1517"]
[BlackElo "1715"]
[PlyCount "115"]
[EventDate "2023.03.23"]
[EventType "swiss"]
[EventRounds "5"]
[EventCountry "CAN"]

1. e4 e5 2. Nf3 Nc6 3. Bc4 Bc5 4. c3 Nf6 5. d4 exd4 6. e5 Ng4 7. cxd4 Bb4+ 8.
Nc3 d5 9. Bd3 Be6 10. O-O Be7 11. Qb3 Rb8 12. Ne2 Qd7 13. h3 Nh6 14. Bxh6 gxh6
15. Rac1 Nb4 16. Bb1 c6 17. Qe3 Bf8 18. Nf4 Bf5 19. Bxf5 Qxf5 20. e6 fxe6 21.
Nxe6 Kd7 22. Nxf8+ Qxf8 23. Ne5+ Kc7 24. Qg3 Kc8 25. Qg4+ Kc7 26. Nd7 Qf7 27.
Nxb8 Kxb8 28. a3 Nd3 29. Qg3+ Nf4 30. Qf3 Rg8 31. Kh1 Rf8 32. g3 Nxh3 33. Qxf7
Rxf7 34. Kg2 Ng5 35. Rh1 Rf6 36. Rcd1 Ne4 37. f3 Ng5 38. Rhf1 Kc7 39. Rd3 Kd6
40. Re1 Ne6 41. f4 b6 42. b4 c5 43. dxc5+ bxc5 44. bxc5+ Nxc5 45. Rd4 Re6 46.
Rxe6+ Kxe6 47. Kf3 h5 48. Rd1 Ne4 49. Rh1 Nf6 50. Re1+ Kd6 51. Rb1 Kc6 52. Rb8
d4 53. Rf8 Nd7 54. Rf7 d3 55. Rxh7 Nc5 56. Rxh5 d2 57. Rxc5+ Kxc5 58. Ke2 1-0

[Event "Montcalm 6 2022-23"]
[Site "Quebec CAN"]
[Date "2023.03.30"]
[Round "2"]
[White "Fecteau, Martin"]
[Black "Boissinot, Claude"]
[Result "1-0"]
[WhiteElo "1905"]
[BlackElo "1511"]
[PlyCount "71"]
[EventDate "2023.03.23"]
[EventType "swiss"]
[EventRounds "5"]
[EventCountry "CAN"]

1. d4 Nf6 2. c4 e6 3. Nf3 b6 4. Nc3 Bb7 5. Bg5 d5 6. e3 Be7 7. Be2 O-O 8. O-O
a6 9. Ne5 Nc6 10. Nxc6 Bxc6 11. Rc1 Bb7 12. cxd5 exd5 13. Bd3 h6 14. Bh4 Rc8
15. Bf5 Rb8 16. Bb1 Ne4 17. Bxe7 Qxe7 18. Qc2 Rbc8 19. Nxe4 dxe4 20. Qb3 Kh8
21. Rc3 f5 22. Rfc1 Rf7 23. Qc2 g5 24. Qe2 f4 25. Qh5 Qf6 26. Rf1 a5 27. exf4
gxf4 28. d5 Rg7 29. Bxe4 Rg5 30. Qh3 Qd6 31. Rc6 Bxc6 32. Qxc8+ Rg8 33. Qf5 Qe7
34. dxc6 Re8 35. Bf3 Rf8 36. Qd7 1-0

[Event "Montcalm 6 2022-23"]
[Site "Quebec CAN"]
[Date "2023.03.30"]
[Round "2"]
[White "Fleury, Dominic"]
[Black "Lescarbeau, Martin"]
[Result "0-1"]
[WhiteElo "1390"]
[BlackElo "1846"]
[PlyCount "56"]
[EventDate "2023.03.23"]
[EventType "swiss"]
[EventRounds "5"]
[EventCountry "CAN"]

1. e4 e5 2. Nf3 Nc6 3. Bc4 f5 4. d3 Bc5 5. Nc3 f4 6. Bd2 d6 7. h3 Nf6 8. Na4
Qe7 9. Nxc5 dxc5 10. c3 Be6 11. Qc2 O-O-O 12. O-O-O Kb8 13. Bb5 Bd7 14. Bxc6
Bxc6 15. d4 Bxe4 16. Qb3 cxd4 17. cxd4 exd4 18. Rhe1 Qc5+ 19. Bc3 dxc3 20. bxc3
Rxd1+ 21. Rxd1 Bxf3 22. gxf3 Qxf2 23. Qf7 Qxf3 24. Qxg7 Qxc3+ 25. Kb1 Ne4 26.
Qxh7 Qb4+ 27. Kc1 Rc8 28. Qg7 Qc3+ 0-1

[Event "Montcalm 6 2022-23"]
[Site "Quebec CAN"]
[Date "2023.03.30"]
[Round "2"]
[White "Gagnon-Paradis, Ulysse"]
[Black "Laflamme, Simon"]
[Result "1-0"]
[WhiteElo "1617"]
[BlackElo "1869"]
[PlyCount "121"]
[EventDate "2023.03.23"]
[EventType "swiss"]
[EventRounds "5"]
[EventCountry "CAN"]

1. d4 Nf6 2. Bf4 g6 3. Nc3 d5 4. Nf3 Bg7 5. Qd2 Ne4 6. Nxe4 dxe4 7. Ne5 Nd7 8.
Bh6 O-O 9. Bxg7 Kxg7 10. O-O-O Nxe5 11. dxe5 Qxd2+ 12. Rxd2 e3 13. fxe3 Bf5 14.
g3 Be4 15. Rg1 Rfd8 16. Rxd8 Rxd8 17. Bg2 Bxg2 18. Rxg2 Rd5 19. e6 f5 20. Rf2
Rd6 21. e4 fxe4 22. Rf7+ Kh6 23. Rxe7 e3 24. Rd7 Rxe6 25. Rd3 Re7 26. Kd1 Kg5
27. h3 h5 28. Ke1 Kf5 29. Kf1 Ke4 30. Ra3 a6 31. Ra4+ Ke5 32. Ra3 Kd5 33. Kg2
Ke4 34. Ra4+ Kd5 35. Kf3 c5 36. Ra3 Kd4 37. Rd3+ Kc4 38. Rxe3 Rf7+ 39. Kg2 Kd5
40. Rf3 Re7 41. Kf2 Re6 42. Rd3+ Kc6 43. e3 b5 44. Kf3 Rf6+ 45. Ke2 a5 46. Rd8
c4 47. Ra8 Kb6 48. Rg8 b4 49. e4 a4 50. Ke3 Rd6 51. e5 Rc6 52. c3 a3 53. Rb8+
Kc7 54. Rxb4 axb2 55. Rxb2 Re6 56. Ke4 Ra6 57. Kd4 Ra4 58. Re2 Kd7 59. e6+ Ke7
60. Kc5 Ra6 61. Kxc4 1-0

[Event "Montcalm 6 2022-23"]
[Site "Quebec CAN"]
[Date "2023.03.30"]
[Round "2"]
[White "Lapierre, Gaetan"]
[Black "Sauve, Richard"]
[Result "0-1"]
[WhiteElo "1768"]
[BlackElo "1935"]
[PlyCount "66"]
[EventDate "2023.03.23"]
[EventType "swiss"]
[EventRounds "5"]
[EventCountry "CAN"]

1. e4 e6 2. d4 d5 3. e5 c5 4. c3 Nc6 5. a3 f6 6. exf6 Nxf6 7. Nf3 c4 8. Nbd2
Bd6 9. Be2 O-O 10. O-O Bd7 11. g3 Qc7 12. Re1 Rae8 13. Bf1 Kh8 14. Bg2 Re7 15.
Rf1 Be8 16. Ng5 Bh5 17. Bf3 Bxf3 18. Qxf3 e5 19. dxe5 Nxe5 20. Qg2 Nd3 21. Ngf3
Qb6 22. Nd4 Bc5 23. N2f3 Ne4 24. Be3 Qxb2 25. Rab1 Qxc3 26. Nb5 Qf6 27. Bxc5
Ndxc5 28. Nbd4 a6 29. h4 Nd3 30. a4 Nc3 31. Ra1 Ne2+ 32. Nxe2 Rxe2 33. Ng5 Rxf2
0-1

[Event "Montcalm 6 2022-23"]
[Site "Quebec CAN"]
[Date "2023.03.30"]
[Round "2"]
[White "Mercure, Gilbert"]
[Black "Boyer, Vincent"]
[Result "1-0"]
[WhiteElo "1801"]
[BlackElo "1251"]
[PlyCount "71"]
[EventDate "2023.03.23"]
[EventType "swiss"]
[EventRounds "5"]
[EventCountry "CAN"]

1. e4 e6 2. d4 d5 3. e5 c5 4. c3 Nc6 5. Nf3 Qb6 6. Bd3 cxd4 7. cxd4 Bd7 8. O-O
Nxd4 9. Nbd2 Nxf3+ 10. Nxf3 Ne7 11. Be3 Qc7 12. Rc1 Qb8 13. Qe2 a6 14. Bb6 Nc6
15. a3 Be7 16. Rfe1 O-O 17. Bc5 Bxc5 18. Bxh7+ Kxh7 19. Ng5+ Kh6 20. Rxc5 Kxg5
21. f4+ Kh6 22. Rc3 Qa7+ 23. Kh1 g6 24. Qg4 Kg7 25. Qg5 f6 26. exf6+ Rxf6 27.
Rh3 Rh8 28. Rxh8 Kxh8 29. Qxf6+ Kh7 30. Qf7+ Kh6 31. Qxd7 Qf2 32. Qxe6 Nd4 33.
Qh3+ Kg7 34. Rc1 Qxf4 35. Qc3 b5 36. Rd1 1-0

[Event "Montcalm 6 2022-23"]
[Site "Quebec CAN"]
[Date "2023.03.30"]
[Round "2"]
[White "Servant, Michel"]
[Black "Plante, Rejean"]
[Result "0-1"]
[WhiteElo "1725"]
[BlackElo "1895"]
[PlyCount "40"]
[EventDate "2023.03.23"]
[EventType "swiss"]
[EventRounds "5"]
[EventCountry "CAN"]

1. d4 Nf6 2. Bf4 c5 3. e3 cxd4 4. exd4 d5 5. Nf3 Nc6 6. Nc3 Bg4 7. Be2 e6 8.
O-O Be7 9. h3 Bh5 10. Re1 O-O 11. a3 Bxf3 12. Bxf3 Qb6 13. Rb1 Qxd4 14. Qc1 Qb6
15. b4 Rac8 16. Na4 Qb5 17. Nc3 Qc4 18. Qd2 Nd4 19. Be2 Qxc3 20. Qxc3 Nxe2+ 0-1

[Event "Montcalm 6 2022-23"]
[Site "Quebec CAN"]
[Date "2023.03.30"]
[Round "2"]
[White "Talbot, Raymond"]
[Black "Bernier, David"]
[Result "1-0"]
[WhiteElo "1670"]
[BlackElo "1085"]
[PlyCount "69"]
[EventDate "2023.03.23"]
[EventType "swiss"]
[EventRounds "5"]
[EventCountry "CAN"]

1. e4 e5 2. Nf3 Nc6 3. Bb5 a6 4. Ba4 Nf6 5. O-O b5 6. Bb3 Be7 7. Re1 O-O 8. c3
h6 9. d4 exd4 10. cxd4 d5 11. e5 Nd7 12. Bxd5 Bb7 13. a3 Nb6 14. Be4 Nd5 15.
Nc3 Nxc3 16. bxc3 Na5 17. Bxb7 Nxb7 18. h3 Na5 19. a4 Nc4 20. Nh2 c6 21. Qg4 f5
22. exf6 Rxf6 23. Re6 Bd6 24. Bxh6 Qf8 25. Nf3 Re8 26. Rxe8 Rxh6 27. Rxf8+ Bxf8
28. axb5 cxb5 29. Re1 Rf6 30. Re8 Kf7 31. Ra8 Kg8 32. Ne5 Nxe5 33. dxe5 Rf7 34.
Qe6 a5 35. Ra7 1-0

[Event "Montcalm 6 2022-23"]
[Site "Quebec CAN"]
[Date "2023.04.06"]
[Round "3"]
[White "Bernier, David"]
[Black "Auger, Julien"]
[Result "0-1"]
[WhiteElo "1085"]
[BlackElo "1573"]
[PlyCount "118"]
[EventDate "2023.03.23"]
[EventType "swiss"]
[EventRounds "5"]
[EventCountry "CAN"]

1. e4 e5 2. Nf3 Nc6 3. Bb5 a6 4. Ba4 b5 5. Bb3 Bb7 6. d3 Na5 7. c3 Nxb3 8. Qxb3
f6 9. O-O d5 10. Nbd2 Bc5 11. a4 c6 12. Nh4 Ne7 13. Qd1 O-O 14. b4 Ba7 15. Qf3
d4 16. c4 c5 17. Nf5 Nxf5 18. Qxf5 bxc4 19. Qe6+ Kh8 20. Qxc4 cxb4 21. Qb3 a5
22. Nc4 Rc8 23. Bb2 Ba6 24. Rac1 Bxc4 25. Rxc4 Re8 26. Rfc1 Rxc4 27. Qxc4 h6
28. h3 Kh7 29. Qb5 Re7 30. Qc4 Bb8 31. Qc8 Qxc8 32. Rxc8 Rb7 33. h4 b3 34. h5
Rb4 35. Kf1 Bd6 36. Ba3 b2 37. Bxb2 Rxb2 38. Rc6 Bb4 39. Rc1 Ra2 40. g4 g5 41.
Rc7+ Kg8 42. Rc8+ Kf7 43. Rc7+ Ke8 44. Rh7 Bf8 45. f3 Rxa4 46. Ke1 Ra3 47. Kd2
Rc3 48. Ra7 Bb4 49. Ke2 Rc2+ 50. Kd1 Ra2 51. Ra8+ Kf7 52. Ra7+ Be7 53. Ke1 a4
54. Kd1 a3 55. Ke1 Rb2 56. Kd1 a2 57. Kc1 Rb1+ 58. Kc2 a1=Q 59. Rxa1 Rxa1 0-1

[Event "Montcalm 6 2022-23"]
[Site "Quebec CAN"]
[Date "2023.04.06"]
[Round "3"]
[White "Demushkina, Alina"]
[Black "Pepin, Pierre-Luc"]
[Result "1-0"]
[WhiteElo "1715"]
[BlackElo "1178"]
[PlyCount "149"]
[EventDate "2023.03.23"]
[EventType "swiss"]
[EventRounds "5"]
[EventCountry "CAN"]

1. e4 e5 2. Nf3 Nc6 3. Bc4 Bc5 4. Nc3 Nf6 5. d3 d6 6. h3 h6 7. O-O a6 8. a3 Qe7
9. Nd5 Nxd5 10. Bxd5 Nd4 11. c3 Nxf3+ 12. Qxf3 c6 13. Bb3 Be6 14. Bxe6 Qxe6 15.
Be3 Bxe3 16. Qxe3 Qb3 17. Rab1 Qe6 18. d4 exd4 19. Qxd4 O-O 20. Rfe1 Rfe8 21.
Kf1 f6 22. Rbd1 Rad8 23. f3 Qe5 24. Qc4+ Kf8 25. Kf2 Qe6 26. Qxe6 Rxe6 27. Rd4
Rde8 28. Rdd1 Kf7 29. g4 g5 30. c4 Ke7 31. a4 a5 32. b3 c5 33. Rd5 Re5 34. Kg3
Rd8 35. h4 b6 36. Rh1 Kd7 37. hxg5 hxg5 38. Rh7+ Re7 39. Rh6 Rf8 40. Rd1 Re5
41. Rdh1 Re7 42. Rh7 Rfe8 43. R1h6 Rxh7 44. Rxh7+ Re7 45. Rh6 Ke6 46. Rh8 Rf7
47. f4 gxf4+ 48. Kxf4 Rc7 49. Rb8 Rc6 50. Rb7 Rc8 51. Rxb6 Ra8 52. Rb7 Ra6 53.
Rb8 Ra7 54. Re8+ Re7 55. Rb8 Rg7 56. Ra8 Rb7 57. Rxa5 Rxb3 58. Ra8 Rb4 59. a5
Rxc4 60. Ke3 Rc3+ 61. Kf2 Ke5 62. Re8+ Kd4 63. a6 Rc2+ 64. Ke1 Ra2 65. Ra8 Ke3
66. Kd1 Kxe4 67. a7 c4 68. Re8+ Kd3 69. a8=Q Rf2 70. Qd5+ Kc3 71. Re3+ Kb2 72.
Qb5+ Ka2 73. Qxc4+ Ka1 74. Ra3+ Kb1 75. Qc1# 1-0

[Event "Montcalm 6 2022-23"]
[Site "Quebec CAN"]
[Date "2023.04.06"]
[Round "3"]
[White "Dumont, Eric"]
[Black "Talbot, Raymond"]
[Result "1/2-1/2"]
[WhiteElo "1776"]
[BlackElo "1670"]
[PlyCount "52"]
[EventDate "2023.03.23"]
[EventType "swiss"]
[EventRounds "5"]
[EventCountry "CAN"]

1. d4 d5 2. Bf4 e6 3. e3 Bd6 4. Bg3 Nf6 5. f4 Ne4 6. Bd3 Nxg3 7. hxg3 h6 8. Nf3
Nd7 9. Nbd2 Nf6 10. Ne5 Bd7 11. Ndf3 O-O 12. Qe2 Ne4 13. O-O-O Nxg3 14. Qf2
Nxh1 15. Rxh1 Bxe5 16. Nxe5 f5 17. Qg3 Rf6 18. Qh4 Be8 19. g4 fxg4 20. Qxg4 Qe7
21. Rg1 Qf8 22. Qh4 Kh8 23. Ng4 Rd8 24. Ne5 Rd7 25. Bg6 Re7 26. Bd3 Bf7 1/2-1/2

[Event "Montcalm 6 2022-23"]
[Site "Quebec CAN"]
[Date "2023.04.06"]
[Round "3"]
[White "Laflamme, Simon"]
[Black "Gauthier-Andersen, Gabriel"]
[Result "1/2-1/2"]
[WhiteElo "1869"]
[BlackElo "1365"]
[PlyCount "28"]
[EventDate "2023.03.23"]
[EventType "swiss"]
[EventRounds "5"]
[EventCountry "CAN"]

1. d4 d5 2. c4 e6 3. Nc3 Nf6 4. cxd5 exd5 5. Bg5 Bb4 6. e3 h6 7. Qa4+ Nc6 8.
Bb5 Bxc3+ 9. bxc3 hxg5 10. Bxc6+ bxc6 11. Qxc6+ Bd7 12. Qc5 Bf5 13. Qc6+ Bd7
14. Qc5 Bf5 1/2-1/2

[Event "Montcalm 6 2022-23"]
[Site "Quebec CAN"]
[Date "2023.04.06"]
[Round "3"]
[White "Lescarbeau, Martin"]
[Black "Gagnon-Paradis, Ulysse"]
[Result "1-0"]
[WhiteElo "1846"]
[BlackElo "1617"]
[PlyCount "55"]
[EventDate "2023.03.23"]
[EventType "swiss"]
[EventRounds "5"]
[EventCountry "CAN"]

1. e4 c6 2. Nf3 d5 3. Nc3 dxe4 4. Nxe4 Nf6 5. Ng3 g6 6. d4 Bg7 7. Bc4 Na6 8.
O-O Nc7 9. c3 Bg4 10. Bxf7+ Kf8 11. Bb3 Qc8 12. h3 Be6 13. Ng5 Bd5 14. Re1 h6
15. Nf3 Nd7 16. Nh4 Bf7 17. Bxf7 Kxf7 18. Qb3+ e6 19. Bf4 Nd5 20. Ne4 Bf8 21.
Bh2 N7f6 22. Be5 Be7 23. c4 Nxe4 24. cxd5 cxd5 25. Qf3+ Nf6 26. Rac1 Qd8 27.
Rc7 g5 28. Qxf6+ 1-0

[Event "Montcalm 6 2022-23"]
[Site "Quebec CAN"]
[Date "2023.04.06"]
[Round "3"]
[White "Oliver, Vance"]
[Black "Lapierre, Gaetan"]
[Result "1-0"]
[WhiteElo "1593"]
[BlackElo "1768"]
[PlyCount "73"]
[EventDate "2023.03.23"]
[EventType "swiss"]
[EventRounds "5"]
[EventCountry "CAN"]

1. e4 c5 2. Nf3 Nc6 3. Nc3 d6 4. d4 cxd4 5. Nxd4 Nf6 6. Be2 e6 7. O-O Be7 8.
Be3 a6 9. a4 Bd7 10. Qd2 Rc8 11. f3 Ne5 12. Nd1 Nc4 13. Bxc4 Rxc4 14. b3 Rc8
15. Nf2 O-O 16. Rad1 Bc6 17. Nh3 Qc7 18. Ng5 Qd7 19. Qd3 h6 20. Nh3 Rfd8 21.
Nf2 Bf8 22. Ng4 Nxg4 23. fxg4 e5 24. Nf5 d5 25. Bb6 dxe4 26. Qe2 Qe8 27. Rxd8
Rxd8 28. Bxd8 Bc5+ 29. Kh1 Qxd8 30. Qc4 Bb6 31. Nxh6+ gxh6 32. Qxf7+ Kh8 33.
Qe6 Qg5 34. Rf8+ Kh7 35. Qf7+ Qg7 36. Qf5+ Qg6 37. Rf7+ {
Les Noirs ont joué le coup illégal Dxf7 mais la partie a continué.} 1-0

[Event "Montcalm 6 2022-23"]
[Site "Quebec CAN"]
[Date "2023.04.06"]
[Round "3"]
[White "Perreault, Jacquelin"]
[Black "Brown, Zachary"]
[Result "1/2-1/2"]
[WhiteElo "1766"]
[BlackElo "1517"]
[PlyCount "77"]
[EventDate "2023.03.23"]
[EventType "swiss"]
[EventRounds "5"]
[EventCountry "CAN"]

1. e4 e5 2. Nf3 Nc6 3. Bb5 Nge7 4. d4 exd4 5. Nxd4 Nxd4 6. Qxd4 Nc6 7. Bxc6
dxc6 8. Qxd8+ Kxd8 9. Nc3 Bd6 10. Be3 Re8 11. O-O-O Ke7 12. f4 Kf8 13. h3 Bb4
14. Rhe1 Kg8 15. Bd4 Be6 16. a3 Bxc3 17. Bxc3 Rad8 18. Be5 Rxd1+ 19. Rxd1 f6
20. Bxc7 Re7 21. Bd6 Rd7 22. g4 g6 23. Bb8 Rxd1+ 24. Kxd1 a6 25. Kd2 Kf7 26.
Ke3 Ke7 27. Kd4 b6 28. Bc7 b5 29. Kc5 Kd7 30. Bd6 Ba2 31. e5 fxe5 32. Bxe5 Bb1
33. c3 a5 34. h4 a4 35. Bg7 Be4 36. Kd4 Bf3 37. g5 Ke6 38. c4 Be2 39. cxb5
1/2-1/2

[Event "Montcalm 6 2022-23"]
[Site "Quebec CAN"]
[Date "2023.04.06"]
[Round "3"]
[White "Plante, Rejean"]
[Black "Auger, Bertrand"]
[Result "1-0"]
[WhiteElo "1895"]
[BlackElo "1981"]
[PlyCount "85"]
[EventDate "2023.03.23"]
[EventType "swiss"]
[EventRounds "5"]
[EventCountry "CAN"]

1. d4 Nf6 2. c4 e6 3. g3 d5 4. Bg2 Be7 5. Nf3 O-O 6. Qc2 b6 7. O-O Bb7 8. cxd5
Nxd5 9. a3 Nd7 10. e4 N5f6 11. Nc3 c5 12. Rd1 cxd4 13. Nxd4 Qc8 14. h3 h6 15.
f4 e5 16. Nf5 Bc5+ 17. Kh2 Rd8 18. b4 Bf8 19. Bb2 exf4 20. gxf4 Nh5 21. Qf2 Qc7
22. e5 Bxg2 23. Kxg2 Qc6+ 24. Kg1 Qg6+ 25. Kh2 Qxf5 26. Rf1 Rac8 27. Rae1 Re8
28. Re2 Re6 29. Nd5 Rc4 30. Bd4 Rxd4 31. Qxd4 Ndf6 32. Ne3 Qe4 33. Qd2 Ne8 34.
Ng2 Qb7 35. f5 Re7 36. Qd4 Qd7 37. Qg4 g6 38. fxg6 Qxg4 39. hxg4 Nhg7 40. Ref2
Nc7 41. Rxf7 Nce6 42. R1f6 Ng5 43. Rxf8# 1-0

[Event "Montcalm 6 2022-23"]
[Site "Quebec CAN"]
[Date "2023.04.06"]
[Round "3"]
[White "Sauve, Richard"]
[Black "Fecteau, Martin"]
[Result "1/2-1/2"]
[WhiteElo "1935"]
[BlackElo "1905"]
[PlyCount "85"]
[EventDate "2023.03.23"]
[EventType "swiss"]
[EventRounds "5"]
[EventCountry "CAN"]

1. d4 d5 2. c4 e6 3. Nc3 Nf6 4. Bg5 c6 5. e3 Nbd7 6. Nf3 Qa5 7. Nd2 Bb4 8. Qc2
dxc4 9. Bxf6 Nxf6 10. Nxc4 Bxc3+ 11. Qxc3 Qxc3+ 12. bxc3 Ke7 13. Bd3 Nd5 14.
Kd2 b6 15. Rhb1 Bb7 16. Na5 Rab8 17. Nxb7 Rxb7 18. Be4 Rc7 19. Bf3 Nf6 20. Rc1
c5 21. Rc2 Rhc8 22. Rac1 cxd4 23. cxd4 Rxc2+ 24. Rxc2 Rxc2+ 25. Kxc2 Kd6 26.
Kb3 Ne8 27. a4 Nc7 28. Be4 h6 29. g4 e5 30. Kc4 exd4 31. Kxd4 Ne6+ 32. Kc4 Nc5
33. Bc2 Kc6 34. Kb4 a6 35. h4 Kd5 36. f3 f6 37. Bg6 Kd6 38. Bc2 Kc6 39. Bg6 Kd5
40. Bf7+ Kd6 41. Bg6 Kc6 42. Be8+ Kd5 43. Bf7+ 1/2-1/2

[Event "Montcalm 6 2022-23"]
[Site "Quebec CAN"]
[Date "2023.04.13"]
[Round "4"]
[White "Auger, Bertrand"]
[Black "Sauve, Richard"]
[Result "0-1"]
[WhiteElo "1981"]
[BlackElo "1935"]
[PlyCount "84"]
[EventDate "2023.03.23"]
[EventType "swiss"]
[EventRounds "5"]
[EventCountry "CAN"]

1. Nf3 Nf6 2. g3 g6 3. b4 Bg7 4. Bb2 d5 5. d3 Qd6 6. a3 a5 7. Be5 Qd8 8. Nbd2
axb4 9. axb4 Rxa1 10. Qxa1 Nbd7 11. Bd4 O-O 12. Bg2 b6 13. b5 Bb7 14. O-O Ne8
15. Bxg7 Nxg7 16. Qb2 e5 17. Ra1 Qe7 18. Ra7 Rb8 19. e3 Ne8 20. c4 e4 21. dxe4
dxe4 22. Nd4 Nc5 23. Qa3 Nd6 24. Nc6 Bxc6 25. bxc6 Rd8 26. Qc3 Nc8 27. Ra8 Qe6
28. h4 Qxc6 29. Rb8 Qe8 30. Bh3 Nd6 31. Rxd8 Qxd8 32. Qd4 Qe7 33. h5 Qg5 34.
hxg6 hxg6 35. Bg2 Qf5 36. Qd5 Qxd5 37. cxd5 f5 38. Bf1 Kf7 39. Nc4 Nxc4 40.
Bxc4 Ke7 41. Kf1 Nd7 42. Ke2 Nf6 0-1

[Event "Montcalm 6 2022-23"]
[Site "Quebec CAN"]
[Date "2023.04.13"]
[Round "4"]
[White "Auger, Julien"]
[Black "Laflamme, Simon"]
[Result "0-1"]
[WhiteElo "1573"]
[BlackElo "1896"]
[PlyCount "38"]
[EventDate "2023.03.23"]
[EventType "swiss"]
[EventRounds "5"]
[EventCountry "CAN"]

1. d4 Nf6 2. Bf4 g6 3. c4 Bg7 4. Nc3 d5 5. e3 O-O 6. c5 c6 7. b4 Nbd7 8. h3 Ne4
9. Nxe4 dxe4 10. Ne2 e5 11. Bh2 exd4 12. Nxd4 Ne5 13. Qc2 Re8 14. Bc4 Nd3+ 15.
Bxd3 exd3 16. Qc4 Qxd4 17. Qxd4 Bxd4 18. Rd1 Bc3+ 19. Rd2 Bxb4 0-1

[Event "Montcalm 6 2022-23"]
[Site "Quebec CAN"]
[Date "2023.04.13"]
[Round "4"]
[White "Brown, Zachary"]
[Black "Dumont, Eric"]
[Result "0-1"]
[WhiteElo "1517"]
[BlackElo "1776"]
[PlyCount "50"]
[EventDate "2023.03.23"]
[EventType "swiss"]
[EventRounds "5"]
[EventCountry "CAN"]

1. e4 c6 2. d4 d5 3. f3 g6 4. Nc3 Bg7 5. Be3 Qa5 6. Qd2 Nf6 7. e5 Nfd7 8. Bd3
O-O 9. Bh6 e6 10. Bxg7 Kxg7 11. h4 c5 12. h5 Rh8 13. hxg6 h6 14. gxf7 cxd4 15.
Rh4 dxc3 16. Rg4+ Kf8 17. Rg8+ Rxg8 18. fxg8=Q+ Kxg8 19. Qxh6 cxb2+ 20. Ke2
bxa1=Q 21. Bh7+ Kf7 22. Bg6+ Ke7 23. Qg5+ Nf6 24. Qxf6+ Kd7 25. Qg7+ Kc6 0-1

[Event "Montcalm 6 2022-23"]
[Site "Quebec CAN"]
[Date "2023.04.13"]
[Round "4"]
[White "Fecteau, Martin"]
[Black "Mercure, Gilbert"]
[Result "1/2-1/2"]
[WhiteElo "1905"]
[BlackElo "1801"]
[PlyCount "92"]
[EventDate "2023.03.23"]
[EventType "swiss"]
[EventRounds "5"]
[EventCountry "CAN"]

1. d4 d5 2. c4 Nc6 3. e3 e5 4. cxd5 Qxd5 5. Nc3 Bb4 6. Bd2 Bxc3 7. bxc3 Nf6 8.
c4 Qd6 9. d5 Ne7 10. Bd3 Nd7 11. e4 O-O 12. Ne2 Nc5 13. Bc2 f5 14. exf5 Bxf5
15. O-O b6 16. Ng3 Bxc2 17. Qxc2 Qg6 18. Qxg6 Nxg6 19. Bb4 Rf4 20. Bxc5 bxc5
21. Rac1 Rb8 22. Rc2 Rb4 23. Rfc1 Rd4 24. Nf5 Rd3 25. g3 a5 26. Rc3 e4 27. Kg2
Ne5 28. Ne3 Rxc3 29. Rxc3 Rb2 30. Rc2 Rxc2 31. Nxc2 Nxc4 32. f3 Nd2 33. fxe4
Nxe4 34. Ne3 a4 35. Kf3 Nc3 36. a3 Kf7 37. Kf4 Ke7 38. Ke5 Nb5 39. Nc4 Nd6 40.
Nb2 Nf7+ 41. Ke4 Nd6+ 42. Kd3 Nf5 43. Nxa4 Kd6 44. Ke4 Ne7 45. Nc3 c6 46. dxc6
Nxc6 1/2-1/2

[Event "Montcalm 6 2022-23"]
[Site "Quebec CAN"]
[Date "2023.04.13"]
[Round "4"]
[White "Gagnon-Paradis, Ulysse"]
[Black "Oliver, Vance"]
[Result "1-0"]
[WhiteElo "1687"]
[BlackElo "1593"]
[PlyCount "63"]
[EventDate "2023.03.23"]
[EventType "swiss"]
[EventRounds "5"]
[EventCountry "CAN"]

1. d4 Nf6 2. Nc3 d5 3. Bf4 e6 4. e3 Bd6 5. Bg3 O-O 6. Bd3 b6 7. e4 Bb4 8. e5
Ne4 9. Nge2 Nc6 10. a3 Bxc3+ 11. bxc3 f6 12. f3 Nxg3 13. hxg3 g6 14. Qd2 Qe8
15. Qh6 Qe7 16. Bxg6 hxg6 17. Qh8+ Kf7 18. Rh7+ Ke8 19. Rxe7+ Nxe7 20. Qh4 Nf5
21. Qh7 Ne7 22. exf6 Rxf6 23. Kd2 Rf7 24. Qh8+ Rf8 25. Qe5 Kd8 26. Rh1 Rf5 27.
Qg7 Rh5 28. Rxh5 gxh5 29. Qh8+ Kd7 30. Qxh5 Kd6 31. Nf4 Bd7 32. Qe5+ 1-0

[Event "Montcalm 6 2022-23"]
[Site "Quebec CAN"]
[Date "2023.04.13"]
[Round "4"]
[White "Gauthier-Andersen, Gabriel"]
[Black "Demushkina, Alina"]
[Result "0-1"]
[WhiteElo "1365"]
[BlackElo "1715"]
[PlyCount "46"]
[EventDate "2023.03.23"]
[EventType "swiss"]
[EventRounds "5"]
[EventCountry "CAN"]

1. e4 e5 2. Nc3 Nf6 3. f4 d6 4. fxe5 dxe5 5. Nf3 Nbd7 6. Bc4 Bc5 7. d3 h6 8. b3
c6 9. d4 exd4 10. Nxd4 Ne5 11. Be3 Nxc4 12. bxc4 Ng4 13. Bg1 Bd6 14. Nf3 O-O
15. h3 Bg3+ 16. Ke2 Ne5 17. Qxd8 Rxd8 18. c5 Be6 19. a4 Bc4+ 20. Ke3 Nxf3 21.
gxf3 Be5 22. Ra3 g5 23. Bh2 Bd4+ 0-1